[Event "MVP-ch Seniors op 19th"]
[Site "Ostseebad Binz"]
[Date "2019.12.05"]
[Round "9"]
[White "Nitsch, Thomas"]
[Black "Schubert, Joachim"]
[Result "0-1"]
[WhiteElo "1943"]
[BlackElo "1863"]
[PlyCount "91"]
[EventDate "2019.11.27"]
[EventType "swiss"]
[EventRounds "9"]
[EventCountry "GER"]
[SourceTitle "EXT 2021"]
[Source "ChessBase"]
[SourceDate "2020.10.23"]
[SourceVersion "1"]
[SourceVersionDate "2020.10.23"]
[SourceQuality "1"]

1. e4 c5 2. Nc3 Nc6 3. d3 e6 4. f4 d5 5. Qe2 Nge7 6. Nf3 a6 7. g3 Qc7 8. Bg2 g6 9. Nd1 Bg7 10. c3 b5 11. Be3 d4 12. Bd2 Bb7 13. 0-0 0-0 14. Rc1 Qd7 15. Nf2 Rad8 16. Rfd1 h6 17. e5 dxc3 18. bxc3 Qc7 19. Ne4 Nb8 20. Nd6 Ba8 21. Be3 Nd7 22. Nd2 Bxg2 23. Qxg2 f6 24. d4 Nd5 25. Bf2 fxe5 26. fxe5 Kh7 27. N2e4 c4 28. Qh3 Kh8 29. Ng5 Rxf2 30. Kxf2 Rf8+ 31. Ndf7+ Kg8 32. Qxe6 hxg5 33. Kg1 Rxf7 34. Qxd5 Nb6 35. Qe4 Kh7 36. Rf1 Re7 37. Rf3 Qd7 38. Rcf1 Qe6 39. Qe3 g4 40. R3f2 Nd5 41. Qd2 Bh6 42. Qe2 Be3 43. Kg2 Bxf2 44. Qxf2 Nxc3 45. Qc2 Qd5+ 46. Kg1 0-1

[Event "MVP-ch Seniors op 19th"]
[Site "Ostseebad Binz"]
[Date "2019.12.01"]
[Round "5"]
[White "Nitsch, Thomas"]
[Black "Hiby, Harald"]
[Result "1/2-1/2"]
[WhiteElo "1943"]
[BlackElo "1796"]
[PlyCount "89"]
[EventDate "2019.11.27"]
[EventType "swiss"]
[EventRounds "9"]
[EventCountry "GER"]
[SourceTitle "EXT 2021"]
[Source "ChessBase"]
[SourceDate "2020.10.23"]
[SourceVersion "1"]
[SourceVersionDate "2020.10.23"]
[SourceQuality "1"]

1. e4 e6 2. Nc3 d5 3. d3 Nf6 4. Qe2 Be7 5. f4 c5 6. Nf3 Nc6 7. g3 0-0 8. Bg2 d4 9. Nd1 Qc7 10. Nf2 e5 11. f5 b5 12. g4 Ne8 13. g5 f6 14. h4 Ba6 15. Ng4 c4 16. h5 fxg5 17. Nxg5 Bxg5 18. Bxg5 h6 19. Bd2 Nf6 20. Rg1 Kh7 21. Bh3 Rac8 22. Qg2 Nxg4 23. Bxg4 Rf6 24. Be2 Qf7 25. Qh2 b4 26. Kf2 Bb5 27. Rg2 cxd3 28. cxd3 Rc7 29. Rg6 a6 30. Qh4 Ne7 31. Rag1 Nxf5 32. exf5 Rxf5+ 33. Ke1 Qxa2 34. Qe4 Qb1+ 35. Bd1 Bxd3 36. Qg2 Rff7 37. Bxb4 Be4 38. Qe2 Bf3 39. Rxg7+ Rxg7 40. Rxg7+ Rxg7 41. Qxf3 Rg1+ 42. Kf2 Qxd1 43. Qf5+ Kh8 44. Qf6+ Kh7 45. Qf5+ 1/2-1/2

[Event "MVP-ch Seniors op 19th"]
[Site "Ostseebad Binz"]
[Date "2019.11.30"]
[Round "4"]
[White "Selten, Ton"]
[Black "Nitsch, Thomas"]
[Result "1-0"]
[WhiteElo "1834"]
[BlackElo "1943"]
[PlyCount "53"]
[EventDate "2019.11.27"]
[EventType "swiss"]
[EventRounds "9"]
[EventCountry "GER"]
[SourceTitle "EXT 2021"]
[Source "ChessBase"]
[SourceDate "2020.10.23"]
[SourceVersion "1"]
[SourceVersionDate "2020.10.23"]
[SourceQuality "1"]

1. c4 f5 2. g3 Nf6 3. Bg2 e6 4. Nf3 d5 5. 0-0 Bd6 6. d3 0-0 7. Nc3 c6 8. e4 fxe4 9. dxe4 dxe4 10. Ng5 Qc7 11. Ngxe4 Be7 12. Qe2 e5 13. h3 Bf5 14. Be3 Nbd7 15. Rad1 Rad8 16. g4 Nxe4 17. Nxe4 Bg6 18. c5 Bxe4 19. Bxe4 Nxc5 20. Bxc5 Bxc5 21. Qc4+ Qf7 22. Qxc5 Rxd1 23. Rxd1 h5 24. Bf5 g6 25. Rd7 Qe8 26. Re7 Qd8 27. Qxe5 1-0

[Event "MVP-ch Seniors op 18th"]
[Site "Ostseebad Binz"]
[Date "2018.12.02"]
[Round "5"]
[White "Nitsch, Thomas"]
[Black "Berger, Volkmar"]
[Result "1/2-1/2"]
[WhiteElo "1959"]
[BlackElo "1679"]
[PlyCount "57"]
[EventDate "2018.11.28"]
[EventType "swiss"]
[EventRounds "9"]
[EventCountry "GER"]
[SourceTitle "CBM 188 Extra"]
[Source "ChessBase"]
[SourceDate "2019.02.28"]
[SourceVersion "1"]
[SourceVersionDate "2019.02.28"]
[SourceQuality "1"]

1. e4 e6 2. Nc3 Nc6 3. d3 Nf6 4. f4 d5 5. e5 Nd7 6. Nf3 Bc5 7. d4 Bb6 8. Be3 0-0 9. Qd2 Ne7 10. g4 c5 11. Qg2 Ng6 12. Bd3 cxd4 13. Bxg6 fxg6 14. Bxd4 Rxf4 15. Ne2 Re4 16. 0-0-0 Bxd4 17. Rxd4 Nc5 18. Rhd1 Rxd4 19. Nexd4 Ne4 20. h4 Bd7 21. g5 b5 22. Rh1 Qb6 23. h5 gxh5 24. Rxh5 Be8 25. Rh1 Bg6 26. Rd1 Rf8 27. Nh4 Rf2 28. Qg4 Kf7 29. Nxg6 1/2-1/2

[Event "MVP-ch Seniors op 18th"]
[Site "Ostseebad Binz"]
[Date "2018.12.01"]
[Round "4"]
[White "Petrykowski, Reinhardt"]
[Black "Nitsch, Thomas"]
[Result "0-1"]
[WhiteElo "1797"]
[BlackElo "1959"]
[PlyCount "44"]
[EventDate "2018.11.28"]
[EventType "swiss"]
[EventRounds "9"]
[EventCountry "GER"]
[SourceTitle "CBM 188 Extra"]
[Source "ChessBase"]
[SourceDate "2019.02.28"]
[SourceVersion "1"]
[SourceVersionDate "2019.02.28"]
[SourceQuality "1"]

1. d4 f5 2. c4 Nf6 3. Nc3 e6 4. Nf3 c6 5. e3 d5 6. Be2 Bd6 7. c5 Bc7 8. b4 0-0 9. Bb2 Nbd7 10. a4 Ne4 11. Nxe4 fxe4 12. Ne5 Qg5 13. Nxd7 Bxd7 14. 0-0 Rf6 15. Bg4 Rg6 16. Bxe6+ Bxe6 17. g3 Bh3 18. Re1 Bg4 19. Qd2 Bf3 20. Rec1 Qh5 21. Qe1 Rh6 22. h4 Qg4 0-1

[Event "Sachsen-Anhalt Verbandsliga 2017/18"]
[Site "Sachsen Anhalt"]
[Date "2017.10.22"]
[Round "1.4"]
[White "Nitsch, Thomas"]
[Black "David, Rene"]
[Result "0-1"]
[WhiteElo "1998"]
[BlackElo "2213"]
[PlyCount "60"]
[EventDate "2017.12.22"]
[EventType "team-tourn"]
[EventRounds "9"]
[EventCountry "GER"]
[SourceTitle "EXT 2020"]
[Source "ChessBase"]
[SourceDate "2019.10.17"]
[SourceVersion "1"]
[SourceVersionDate "2019.10.17"]
[SourceQuality "1"]
[WhiteTeam "Halle Einheit"]
[BlackTeam "Coethen Germania"]
[WhiteTeamCountry "GER"]
[BlackTeamCountry "GER"]

1. e4 c5 2. Nc3 e6 3. d3 Nc6 4. f4 g6 5. Nf3 Bg7 6. Be3 d6 7. Qd2 b5 8. g3 Nge7 9. Bg2 Rb8 10. d4 b4 11. Ne2 0-0 12. c3 bxc3 13. bxc3 cxd4 14. cxd4 Na5 15. 0-0 Nc4 16. Qc3 Ba6 17. Rfe1 Qd7 18. Nd2 Rfc8 19. Nxc4 Rxc4 20. Qa5 Qa4 21. Qxa4 Rxa4 22. e5 Nf5 23. Nc3 Rc4 24. Ne4 Nxe3 25. Rxe3 Rxd4 26. Rc1 dxe5 27. Rc7 exf4 28. Ra3 Rd1+ 29. Kf2 Be5 30. Rc2 Bd3 0-1

[Event "Sachsen-Anhalt-ch Seniors 24th"]
[Site "Halberstadt"]
[Date "2016.06.02"]
[Round "5"]
[White "Schultheis, Heinz"]
[Black "Nitsch, Thomas"]
[Result "1-0"]
[WhiteElo "2114"]
[BlackElo "1973"]
[PlyCount "45"]
[EventDate "2016.05.29"]
[EventType "swiss"]
[EventRounds "7"]
[EventCountry "GER"]
[SourceTitle "EXT 2019"]
[Source "ChessBase"]
[SourceDate "2018.10.10"]
[SourceVersion "1"]
[SourceVersionDate "2018.10.10"]
[SourceQuality "1"]

1. d4 f5 2. c4 Nf6 3. Nc3 e6 4. Qb3 c6 5. Bg5 d5 6. e3 Nbd7 7. Bd3 h6 8. Bf4 Ne4 9. h4 Be7 10. Nf3 0-0 11. cxd5 cxd5 12. Nb5 a6 13. Nc7 g5 14. hxg5 hxg5 15. Bh2 Ra7 16. 0-0 Ndf6 17. Qb6 Bd6 18. Bxd6 Qxd6 19. Qxa7 Qxc7 20. Bxe4 Nxe4 21. Rac1 Qh7 22. Qb6 Kh8 23. Rc7 1-0

[Event "Sachsen-Anhalt-ch Seniors 24th"]
[Site "Halberstadt"]
[Date "2016.05.31"]
[Round "3"]
[White "Schuetze, Manfred"]
[Black "Nitsch, Thomas"]
[Result "0-1"]
[WhiteElo "1873"]
[BlackElo "1973"]
[PlyCount "78"]
[EventDate "2016.05.29"]
[EventType "swiss"]
[EventRounds "7"]
[EventCountry "GER"]
[SourceTitle "EXT 2019"]
[Source "ChessBase"]
[SourceDate "2018.10.10"]
[SourceVersion "1"]
[SourceVersionDate "2018.10.10"]
[SourceQuality "1"]

1. e4 c5 2. Nf3 a6 3. c3 d5 4. exd5 Qxd5 5. Be2 Nf6 6. d4 e6 7. 0-0 Nc6 8. dxc5 Bxc5 9. Qxd5 Nxd5 10. Nbd2 0-0 11. Nb3 Bb6 12. Rd1 Nf6 13. Nbd4 Ne7 14. h3 Ng6 15. Be3 e5 16. Nc2 Bc7 17. Nfe1 Be6 18. c4 Rfe8 19. b3 Nh4 20. Bg5 Ng6 21. Be3 Bf5 22. Bd3 Be6 23. Be2 Ba5 24. Bd2 Bb6 25. Be3 Bxe3 26. Nxe3 Nf4 27. Bf1 Ne4 28. Rac1 h6 29. Nd3 Ng6 30. Ne1 f5 31. Bd3 Rf8 32. Bxe4 fxe4 33. f3 exf3 34. Nxf3 Bxh3 35. Nxe5 Nxe5 36. gxh3 Rf3 37. Nd5 Rxh3 38. Kg2 Rh4 39. Re1 Nd3 0-1

[Event "MVP-ch Seniors op 15th"]
[Site "Binz"]
[Date "2015.11.28"]
[Round "5.13"]
[White "Nitsch, Thomas"]
[Black "Paus, Franz"]
[Result "1/2-1/2"]
[WhiteElo "1845"]
[BlackElo "1957"]
[PlyCount "38"]
[EventDate "2015.11.24"]
[EventType "swiss"]
[EventRounds "9"]
[EventCountry "GER"]
[SourceTitle "EXT 2017"]
[Source "ChessBase"]
[SourceDate "2016.10.25"]
[SourceVersion "1"]
[SourceVersionDate "2016.10.25"]
[SourceQuality "1"]

1. e4 e6 2. Nc3 d5 3. d3 Nf6 4. Be2 d4 5. Nb1 c5 6. f4 Nc6 7. Nf3 Be7 8. 0-0 0-0 9. Nbd2 Qc7 10. Nc4 b6 11. c3 Ba6 12. Nfe5 Rad8 13. Qa4 Bb7 14. Bd2 dxc3 15. bxc3 Nd7 16. Ng4 Rfe8 17. Rac1 Nf6 18. Nge5 Nd7 19. Ng4 Nf6 1/2-1/2

[Event "MVP-ch Seniors op 15th"]
[Site "Binz"]
[Date "2015.11.24"]
[Round "1.53"]
[White "Nitsch, Thomas"]
[Black "Assmann, Hans"]
[Result "1-0"]
[WhiteElo "1845"]
[BlackElo "1471"]
[PlyCount "43"]
[EventDate "2015.11.24"]
[EventType "swiss"]
[EventRounds "9"]
[EventCountry "GER"]
[SourceTitle "EXT 2017"]
[Source "ChessBase"]
[SourceDate "2016.10.25"]
[SourceVersion "1"]
[SourceVersionDate "2016.10.25"]
[SourceQuality "1"]

1. e4 c5 2. Nc3 a6 3. d3 Nc6 4. f4 g6 5. Nf3 Bg7 6. Be2 Nd4 7. 0-0 e6 8. e5 Ne7 9. Ne4 0-0 10. Nxc5 Nxe2+ 11. Qxe2 d6 12. Ne4 dxe5 13. fxe5 Nc6 14. Bf4 f6 15. exf6 Rxf6 16. Nxf6+ Bxf6 17. c3 Bd7 18. d4 Rc8 19. Ne5 Nxe5 20. Bxe5 Bb5 21. Qg4 Bxf1 22. Qxe6+ 1-0

[Event "Bahn-ch Vormeister"]
[Site "Winterberg"]
[Date "2004.10.02"]
[Round "7"]
[White "Georg, Waldemar"]
[Black "Nitsch, Thomas"]
[Result "0-1"]
[WhiteElo "1789"]
[BlackElo "1906"]
[PlyCount "92"]
[EventDate "2004.09.26"]
[EventType "swiss"]
[EventRounds "7"]
[EventCountry "GER"]
[SourceTitle "EXT 2013"]
[Source "ChessBase"]
[SourceDate "2012.11.22"]
[SourceVersion "1"]
[SourceVersionDate "2012.11.22"]
[SourceQuality "1"]

1. e4 c5 2. Nf3 a6 3. d4 cxd4 4. Nxd4 Nf6 5. Bd3 e5 6. Nb3 d5 7. exd5 e4 8. Be2 Qxd5 9. Qxd5 Nxd5 10. c3 Nc6 11. N1d2 Bf5 12. Nc4 Bg6 13. Be3 Nxe3 14. Nxe3 0-0-0 15. Rd1 f5 16. f4 Bd6 17. g3 Ne7 18. Kf2 Bf7 19. Bc4 Rhf8 20. Bxf7 Rxf7 21. Nc4 Bc7 22. Rxd8+ Kxd8 23. Rd1+ Kc8 24. Nd6+ Bxd6 25. Rxd6 Kc7 26. Rd1 h6 27. Nd4 Rf6 28. h4 g6 29. c4 Rd6 30. c5 Rd5 31. Ke3 Kd7 32. Rc1 Nc6 33. Nb3 Rd3+ 34. Kf2 Nb4 35. Na5 Kc7 36. a3 Nd5 37. Nc4 Nf6 38. Rc2 Nh5 39. Ne5 Rxg3 40. c6 Rh3 41. cxb7+ Kxb7 42. Rc6 Nxf4 43. Rf6 e3+ 44. Kg1 e2 45. Rf7+ Kb6 46. Nd7+ Kc6 0-1

[Event "Bahn-ch Vormeister"]
[Site "Winterberg"]
[Date "2004.09.26"]
[Round "1"]
[White "Nitsch, Thomas"]
[Black "Schuh, Willi"]
[Result "1/2-1/2"]
[WhiteElo "1906"]
[BlackElo "1771"]
[PlyCount "48"]
[EventDate "2004.09.26"]
[EventType "swiss"]
[EventRounds "7"]
[EventCountry "GER"]
[SourceTitle "EXT 2013"]
[Source "ChessBase"]
[SourceDate "2012.11.22"]
[SourceVersion "1"]
[SourceVersionDate "2012.11.22"]
[SourceQuality "1"]

1. e4 e6 2. c3 d5 3. d4 dxe4 4. Ne2 Nf6 5. Ng3 Be7 6. Nd2 Nbd7 7. Ndxe4 Nxe4 8. Nxe4 Nf6 9. Ng3 c5 10. Be3 cxd4 11. Bxd4 Bd7 12. Be2 Bc6 13. Bf3 Qc7 14. Qe2 0-0 15. 0-0-0 a5 16. Rhe1 b5 17. Kb1 Rac8 18. Nf5 exf5 19. Qxe7 Be4+ 20. Rxe4 fxe4 21. Qxc7 Rxc7 22. Be2 Rb7 23. f3 Re8 24. fxe4 Nxe4 1/2-1/2

[Event "Bahn-chM"]
[Site "Bad Wildungen"]
[Date "2000.09.27"]
[Round "4"]
[White "Nitsch, Thomas"]
[Black "Wallrabenstein, Udo"]
[Result "1/2-1/2"]
[WhiteElo "1927"]
[BlackElo "2034"]
[PlyCount "55"]
[EventDate "2000.09.24"]
[EventType "swiss"]
[EventRounds "7"]
[EventCountry "GER"]
[SourceTitle "EXT 2003"]
[Source "ChessBase"]
[SourceDate "2002.11.25"]
[SourceVersion "1"]
[SourceVersionDate "2002.11.25"]
[SourceQuality "1"]

1. e4 g6 2. Nc3 Bg7 3. d3 c6 4. f4 d5 5. Be2 Bxc3+ 6. bxc3 dxe4 7. dxe4 Qxd1+ 8. Bxd1 Nf6 9. e5 Nd5 10. c4 Nb6 11. Be2 Be6 12. c5 Na4 13. Nf3 Nxc5 14. Be3 Nbd7 15. 0-0 0-0 16. Ng5 Rfd8 17. Rfd1 h6 18. Nxe6 Nxe6 19. g4 g5 20. Bc4 gxf4 21. Bxe6 fxe6 22. Bxf4 Kg7 23. Rab1 b5 24. Rd3 Nb6 25. Rh3 Rh8 26. Rf1 Nd5 27. Bd2 Kg6 28. Rhf3 1/2-1/2